| 000 | 00752cam a22002412 4500 | ||
|---|---|---|---|
| 001 | 0000020183 | ||
| 005 | 20151217155227.0 | ||
| 008 | 110824s xx 000 0 eng d | ||
| 020 | _a0534395880 | ||
| 040 |
_aKABU _cKABU |
||
| 050 | 0 |
_aQD33 _b.M66 2005 |
|
| 100 | 1 |
_aMoore, John W. _@0000180248 |
|
| 245 | 1 | 0 |
_aChemistry : _bthe molecular science / _cJohn W. Moore, Conrad L. Stanitski, Peter C. Jurs. |
| 250 | _a2nd ed. | ||
| 260 |
_aAustralia : _bThomson, _c2005. |
||
| 300 |
_a1 v. [various paging] + _e1 CD-ROM. |
||
| 650 | 0 |
_aChemistry. _@0000148202 |
|
| 700 | 1 |
_aStanitski, Conrad L. _@0000154093 |
|
| 700 | 1 |
_aJurs, Peter. _@0000180249 |
|
| 852 | 1 | _9p5245 KES | |
| 908 | _a110824 | ||
| 950 | _@1 | ||
| 999 |
_c12124 _d12124 |
||